Klima-Förderungen: Eine Analyse der Verteilung von öffentlichen Fördergeldern im Zuge der Dekarbonisierung (Record no. 9126)

MARC details
000 -LEADER
fixed length control field 03798nam a22003497u 4500
001 - CONTROL NUMBER
control field pwiiw7072
003 - CONTROL NUMBER IDENTIFIER
control field OSt
005 - DATE AND TIME OF LATEST TRANSACTION
control field 20260517120238.0
008 - FIXED-LENGTH DATA ELEMENTS--GENERAL INFORMATION
fixed length control field 241115t2024 au ||||| |||||||| ||ger d
040 ## - CATALOGING SOURCE
Transcribing agency OSt
041 ## - LANGUAGE CODE
Language code of text/sound track or separate title ger
084 ## - OTHER CLASSIFICATION NUMBER
Classification number H25
-- H31
-- H32
-- Q54
Number source jelc
100 1# - MAIN ENTRY--PERSONAL NAME
Personal name Heimberger, Philipp
245 10 - TITLE STATEMENT
Title Klima-Förderungen: Eine Analyse der Verteilung von öffentlichen Fördergeldern im Zuge der Dekarbonisierung
260 ## - PUBLICATION, DISTRIBUTION, ETC.
Place of publication, distribution, etc. Wien :
Name of publisher, distributor, etc. Wiener Institut für Internationale Wirtschaftsvergleiche (wiiw),
Date of publication, distribution, etc. 2024.
300 ## - PHYSICAL DESCRIPTION
Extent 55 S.,
Other physical details 5 Tables and 49 Figures,
Dimensions 30cm.
490 1# - SERIES STATEMENT
Series statement wiiw Research Reports in German Language
Volume/sequential designation 29
520 ## - SUMMARY, ETC.
Summary, etc. Klima-Förderungen: Eine Analyse der Verteilung von öffentlichen Fördergeldern im Zuge der Dekarbonisierung<br/><br/>This publication is available in German language only.<br/><br/>For a brief English summary see further below.<br/><br/>Diese Studie liefert eine deskriptive Analyse der Verteilung von klimaschutzrelevanten direkten staatlichen Förderungen (Klima-Förderungen) in Gesamtösterreich und im Bundesländervergleich, wobei bei letzterem Oberösterreich in den Mittelpunkt der Untersuchung rückt. Während es zur Analyse von Förderungen in Österreich bereits Arbeiten gibt, liefert unsere Studie erste Ergebnisse zur Verteilungsdimension von Klima-Förderungen. Wir verwenden Daten der Transparenzdatenbank unter Berücksichtigung von Sonderauswertungen durch die Statistik Austria für die Jahre 2021 und 2022. Die analysierten Daten beinhalten direkte Förderprogramme aus vier Kategorien: erneuerbare Energie und Energieeffizienzmaßnahmen; Forschung und Klima; alternative Mobilität; und weitere Umwelt- und Klimaschutzmaßnahmen. Wir berichten die Förderungen nach Förderempfängerinnen und Förderempfängern (Personen, Unternehmen und gemeinnützige Organisationen/öffentliche Verwaltung) und nehmen eine Aufteilung der Personenförderungen nach Einkommensgruppen, Altersgruppen und Bildungsstand, sowie bei den Unternehmensförderungen nach Unternehmensumsatz, Anzahl der Mitarbeitenden und Unternehmensbranche vor.<br/><br/>Climate subsidies: An analysis of the distribution of public subsidies in the context of decarbonisation<br/><br/>This study provides a descriptive analysis of the distribution of direct state subsidies relevant for climate protection (in short: climate subsidies) in Austria as a whole and in a comparison of the states, with Upper Austria taking centre stage in the latter. While there is already work on analysing subsidies in Austria, our study provides the first results on the distributional dimension of climate subsidies. We use data from the transparency database, taking into account special analysis by Statistik Austria for the years 2021 and 2022. The data analysed includes direct funding programs from four categories: renewable energy and energy efficiency measures; research and climate; alternative mobility; and other environmental and climate protection measures. We report the funding by recipients (individuals, companies and non-profit organisations/public administration). The climate subsidies received by persons are broken down by income group, age group and level of education. Funding received by companies is distinguished along the dimensions turnover, number of employees and company sector.<br/>
650 ## - SUBJECT ADDED ENTRY--TOPICAL TERM
Topical term or geographic name entry element Klimapolitik
650 ## - SUBJECT ADDED ENTRY--TOPICAL TERM
Topical term or geographic name entry element Dekarbonisierung
650 ## - SUBJECT ADDED ENTRY--TOPICAL TERM
Topical term or geographic name entry element Förderungen
650 ## - SUBJECT ADDED ENTRY--TOPICAL TERM
Topical term or geographic name entry element öffentliche Ausgaben
650 ## - SUBJECT ADDED ENTRY--TOPICAL TERM
Topical term or geographic name entry element Energie und Effizienz
651 ## - SUBJECT ADDED ENTRY--GEOGRAPHIC NAME
Geographic name Austria
690 ## - LOCAL SUBJECT ADDED ENTRY--TOPICAL TERM (OCLC, RLIN)
Topical term or geographic name as entry element Macroeconomic Analysis and Policy
690 ## - LOCAL SUBJECT ADDED ENTRY--TOPICAL TERM (OCLC, RLIN)
Topical term or geographic name as entry element Labour, Migration and Income Distribution
700 1# - ADDED ENTRY--PERSONAL NAME
Personal name Lichtenberger, Andreas
700 1# - ADDED ENTRY--PERSONAL NAME
Personal name Schütz, Bernhard
830 #0 - SERIES ADDED ENTRY--UNIFORM TITLE
Volume/sequential designation 29
Bibliographic record control number WIIW0000108
Title of a work wiiw Research Reports in German Language
856 40 - ELECTRONIC LOCATION AND ACCESS
Uniform Resource Identifier <a href="https://wiiw.ac.at/p-7072.html">https://wiiw.ac.at/p-7072.html</a>
942 ## - ADDED ENTRY ELEMENTS (KOHA)
Koha item type Paper
Holdings
Withdrawn status Lost status Damaged status Not for loan Home library Current library Shelving location Date acquired Inventory number Total Checkouts Barcode Date last seen Price effective from Koha item type
        WIIW WIIW Library 11/15/2024 pwiiw7072   1000010007072 11/15/2024 04/07/2025 Paper
The Vienna Instiute for International Economic Studies (wiiw)